000 00306nam a2200133Ia 4500
008 190216s9999||||xx |||||||||||||| ||und||
100 _aMashoor.Ho
245 0 _aChemistry Of Rare Elements
250 _a1st Ed.
260 _bGoel Pub House
300 _a236
650 _aChemistry-Chemistry
942 _cBK
999 _c2248
_d2248